Напряженное состояние и прочность многослойных сосудов (Запись № 10226606)

Подробности
000 -МАРКЕР
контрольное поле 01764nam0a2200361 i 4500
001 - ИДЕНТИФИКАТОР ЗАПИСИ
контрольное поле RU\NLR\BIBL_A\010524085
005 - ИДЕНТИФИКАТОР ВЕРСИИ
контрольное поле 20241101004454.0
010 ## - МЕЖДУНАРОДНЫЙ СТАНДАРТНЫЙ НОМЕР КНИГИ (ISBN)
Номер (ISBN) 9785942757403
Тираж 250
021 ## - НОМЕР ГОСУДАРСТВЕННОЙ РЕГИСТРАЦИИ
Код страны российская федерация
Номер 2014-65022
Номер Листа государственной регистраци 3964
035 ## - ДРУГИЕ СИСТЕМНЫЕ НОМЕРА
Идентификатор записи (NILC)RuMoRGB-007545207
035 ## - ДРУГИЕ СИСТЕМНЫЕ НОМЕРА
Идентификатор записи (NLR Aleph) 010524085
100 ## - ДАННЫЕ ОБЩЕЙ ОБРАБОТКИ
Данные общей обработки 20141106d2014 km y0rusy50 ca
101 0# - ЯЗЫК РЕСУРСА
Язык текста, звукозаписи и т.д. русский
Язык оригинала английский
Язык оглавления английский
102 ## - СТРАНА ПУБЛИКАЦИИ ИЛИ ПРОИЗВОДСТВА
Страна публикации российская федерация
105 ## - ПОЛЕ КОДИРОВАННЫХ ДАННЫХ: ТЕКСТОВЫЕ МАТЕРИАЛЫ, МОНОГРАФИЧЕСКИЕ
Кодированные данные о монографическом текстовом документе ac||z||||00yy
200 1# - ЗАГЛАВИЕ И СВЕДЕНИЯ ОБ ОТВЕТСТВЕННОСТИ
Основное заглавие Напряженное состояние и прочность многослойных сосудов
Параллельное заглавие Stress state and strength of multilayer vessels
Первые сведения об ответственности П. Г. Пимштейн
Последующие сведения об ответственности ОАО "ИркутскНИИхиммаш"
Язык параллельного заглавия английский
210 ## - ПУБЛИКАЦИЯ, РАСПРОСТРАНЕНИЕ И ДР.
Место издания, распространения и т.д. Москва
Имя издателя, распространителя и т. д. Машиностроение
Дата издания, распространения и т.д. 2014
215 ## - ФИЗИЧЕСКАЯ ХАРАКТЕРИСТИКА
Специфическое обозначение материала и объем 580 с.
Другие сведения о физической характеристике ил., портр.
Размеры 21
300 ## - ОБЩИЕ ПРИМЕЧАНИЯ
Текст примечания Авт. также на англ. яз.: P.G. Pimshtein
300 ## - ОБЩИЕ ПРИМЕЧАНИЯ
Текст примечания На с. 8 авт.: Пимштейн П.Г., д.т.н., проф.
300 ## - ОБЩИЕ ПРИМЕЧАНИЯ
Текст примечания Рез. на англ. яз.
320 ## - ПРИМЕЧАНИЯ О НАЛИЧИИ В ДОКУМЕНТЕ БИБЛИОГРАФИИ / УКАЗАТЕЛЯ
Текст примечания Библиогр.: с. 540-568 (420 назв.)
510 1# - ПАРАЛЛЕЛЬНОЕ ЗАГЛАВИЕ
Связь между полями z73790
Параллельное заглавие Stress state and strength of multilayer vessels
Язык заглавия английский
606 1# - НАИМЕНОВАНИЕ ТЕМЫ КАК ПРЕДМЕТ
Наименование темы Сосуды, работающие под давлением многослойные
Системный номер авторитетной/нормативной записи 1659593
Идентификатор авторитетной/нормативной записи RU\NLR\AUTH\661033879
606 1# - НАИМЕНОВАНИЕ ТЕМЫ КАК ПРЕДМЕТ
Наименование темы Сосуды, работающие под давлением стальные
Системный номер авторитетной/нормативной записи 1659639
Идентификатор авторитетной/нормативной записи RU\NLR\AUTH\661033900
686 1# - ИНДЕКСЫ ДРУГИХ КЛАССИФИКАЦИЙ
Индекс Л114.037-51
700 #1 - ИМЯ ЛИЦА - ПЕРВИЧНАЯ ОТВЕТСТВЕННОСТЬ
Графика поля Кириллица
Материалы, к которым относится поле rus
Начальный элемент ввода Пимштейн
Часть имени, кроме начального элемента ввода П. Г.
Даты 1937-
Расширение инициалов личного имени Павел Гдальевич
Системный номер авторитетной/нормативной записи 138167
Идентификатор авторитетной/нормативной записи RU\NLR\AUTH\770138202
790 #1 - ИМЯ ЛИЦА - АЛЬТЕРНАТИВНАЯ ФОРМА
Графика поля Латинская
Материалы, к которым относится поле rus
Начальный элемент ввода Pimštejn
Часть имени, кроме начального элемента ввода P. G.
Даты 1937-
Расширение инициалов личного имени Pavel Gdal'evič
Системный номер авторитетной/нормативной записи 138171
Идентификатор авторитетной/нормативной записи RU\NLR\AUTH\770138206
942 ## - ДОПОЛНИТЕЛЬНЫЕ ЭЛЕМЕНТЫ ЗАПИСИ (АБИС)
Тип экземпляра АБИС Книга
980 ## - КОЛЛЕКЦИЯ
Название коллекции НБР

Нет доступных экземпляров.